Zo zasadnutia predsedníctva SAK

Bibliographic Details
Format: Article
Language:Slovak
Subjects:

MARC

LEADER 00000nab a2200000 a 4500
001 vtls010180405
003 SK-MaSNL
005 20260304161046.0
008 250507c2010 xo ||||||||||||00 b|slo
015 |a SNBRB2010/10  |2 snkbucl 
035 |a (uuid)f4ce619c-2f36-4cb8-992c-9b9999e9afff 
035 |a urn:nbn:sk:snk-ab25ov 
035 |a (urnnbn)urn:nbn:sk:snk:ar-a01pjk 
038 |a SNKBUCL 
040 |a SNKBUCL  |b slo  |c SNKBUCL  |e AACR2 
041 0 |a slo 
044 |a xo  |c SK 
080 |a 347.965:061.2  |x (437.6)  |2 2001 
245 0 0 |a Zo zasadnutia predsedníctva SAK 
600 1 7 |a Slovenská advokátska komora.  |b Predsedníctvo  |x zasadanie  |y 2010  |2 snkbucl  |9 1484506 
650 0 7 |a advokátske komory  |2 snkbucl  |9 111957 
773 0 |t Bulletin slovenskej advokácie  |g Roč. XVI, č. 3 (2010), s. 34-35  |x 1335-1079 
850 |a Slovenská národná knižnica 
852 |a Slovenská národná knižnica 
954 |a odborná, vedecká literatúra pôvodná (slovenská)  |2 lita 
958 |a article2022 
958 |a SK 
958 |a OND 
958 |a EUIPO 
999 |c 2969821  |d 2971751